000 01192cam a2200133 4500500
005 20251214002039.0
041 _afre
042 _adc
100 1 0 _aLoyer, Barbara
_eauthor
245 0 0 _aGéopolitique : Méthodes et concepts
260 _bArmand Colin,
_c2024.
520 _aLe terme de « géopolitique », s’il est employé dans toutes les disciplines, désigne avant tout un savoir géographique. Ce dernier s’intéresse aux causes  des conflits et rivalités de pouvoir sur des territoires,  à leurs évolutions et à leur résolution. Son champ d’étude, très singulier puisqu’il inclut des réalités à la fois objectives et subjectives, requiert donc une méthodologie précise. Cet ouvrage propose l’ensemble des concepts, outils et méthodes à maîtriser pour mener des analyses géopolitiques fines et efficaces. Assorti de nombreux exemples et études de cas, traités à différentes échelles, il constitue  une véritable initiation au raisonnement géopolitique, grille de lecture désormais incontournable de nos sociétés contemporaines. 
856 4 1 _uhttps://shs.cairn.info/geopolitique--9782200637705?lang=fr&redirect-ssocas=7080
999 _c1566702
_d1566702